000 00623nam a22002177a 4500
005 20170124110224.0
010 _aA-710489
020 _c22.00
035 _aA-710489
037 _bCen Lib/Ret
040 _aDPL
_bEN
082 _a921
_bKRI
100 _aKripalani, Krishna
_940497
245 _aTagore :
_cby Krishna Kripalani
_ba life /
260 _aNew Delhi
_bNational book trust
_c1971
270 _bNew Delhi
_aA-5 Green Park
_e110016
300 _a280p.
_c21cm(pbk)
500 _aIncludes bibliographcal references and index
650 _aBiography
_97490
942 _2ddc
_cEN
_h921
_mKRI
999 _c134352
_d134352